000 00383nam a2200157Ia 4500
008 221030s9999 xx 000 0 und d
020 _a0074602225
041 _aEnglish
082 _a105.23
_bMat
100 _aA. P. Mathur
245 0 _aIntroduction To Microprocessors
_cby A. P. Mathur
260 _bTMH
_aNew Delhi
_c2002
300 _a612
650 _aBE Computer
942 _cBK
999 _c7873
_d7873